American studies : a guide to information sources /

Bibliographic Details
Main Author: Marcell, David W.
Format: Book
Language:English
Published: Detroit, Mich. : Gale Research Co., [1982]
Series:Gale information guide library. American studies information guide series ; v. 10.
Subjects:

MARC

Tag First Indicator Second Indicator Subfields
LEADER 00000pam a2200000 a 4500
001 in00000503721
005 20151013065009.0
008 810527s1982 miu b 00110 eng
010 |a  73017559  
020 |a 0810312638 :  |c $36.00 
035 |a (OCoLC)07573401 
035 |9 ACD7912AM 
039 0 |a 2  |b 3  |c 3  |d 3  |e 3 
040 |a DLC  |c DLC  |d TXA  |d UtOrBLW 
043 |a n-us--- 
049 |a TXAM  |c [1119580] 
050 0 0 |a Z1236  |b .M37 1982  |a E156 
082 0 |a 016.973  |2 19 
100 1 |a Marcell, David W. 
245 1 0 |a American studies :  |b a guide to information sources /  |c David W. Marcell. 
264 1 |a Detroit, Mich. :  |b Gale Research Co.,  |c [1982] 
264 4 |c ©1982 
300 |a xx, 207 pages ;  |c 23 cm. 
336 |a text  |b txt  |2 rdacontent 
337 |a unmediated  |b n  |2 rdamedia 
338 |a volume  |b nc  |2 rdacarrier 
490 1 |a Gale information guide library. American studies information guide series ;  |v v. 10 
500 |a Includes indexes. 
504 |a Bibliography: pages 155-161. 
651 0 |a United States  |v Bibliography. 
830 0 |a Gale information guide library.  |p American studies information guide series ;  |v v. 10. 
999 |a MARS 
999 f f |s 00659b08-27a6-3155-8016-173af68d87a3  |i b34008c4-5eef-321a-b1ee-517834730e24  |t 0 
952 f f |p ric  |a Texas A&M University  |b Rellis Campus  |c Joint Library Facility  |d Remote Storage  |t 0  |e Z1236 .M37 1982  |h Library of Congress classification  |i unmediated -- volume  |m A14807671299 
998 f f |a Z1236 .M37 1982  |t 0  |l Remote Storage